000 02265cam a22004574i 4500
003 PE-LiUPU
005 20250731165428.0
008 160210s1996 pe a grm 000 0 spa d
035 _a(Sirsi) a156059
040 _aPE-LiUPU
_bspa
_cPE-LiUPU
_erda
099 _aTE 2
_cB81 1996
100 1 _aBrañez Claudet, Midiam
_eautor
245 1 _aEstudio Limnológico de la Laguna de la Mansión Ñaña.- Lima /
_cMidiam Brañez Claudet.
264 0 _c1996.
300 _a166 hojas
_c30 cm
336 _atext
_2rdacontent
337 _aunmediated
_2rdamedia
338 _avolume
_2rdacarrier
502 _aTesis
_b(Lic.) --
_cUniversidad Peruana Unión,
_d1996.
504 _aIncluye referencias
520 3 _aEl estudio del plancton de los ríos y de las lagunas de la costa peruana son pocos. El conocimiento del fitoplancton y zooplancton puede inducirnos la calidad de agua y también relaciona la contaminación con el aumento de la población de ciertas especies. El objetivo principal es describir e identificar estas especies como también las características físicas y químicas de la laguna de "La mansión". Con este trabajo de investigación pretendemos dar información al lector o investigador sobre diferentes formas de vida que se desarrollan en esta laguna, así como también estimular otras investigaciones semejantes al tema ya que este estudio es muy amplio y abarcante. Se deja constancia de un agradecido reconocimiento a los profesores que nos incentivaron y ayudaron en la elaboración de este trabajo de investigación y también ala Universidad Unión Incaica por permitirnos desarrollar nuestras capacidades.
526 _aSEG44
526 _aSEG26
526 _aP151
526 _aP150
526 _aP149
526 _aP146
526 _aP145
526 _aP126
526 _aP125
526 _aP92
526 _aP75
526 _aP74
526 _aP27
526 _aP15
650 0 4 _aLaguna artificial, Universidad Peruana Unión
_xLimnología.
700 1 _aRobles Valenzuela, Yovana
_eautor
596 _a1
942 _2ddc
_cTESIS
999 _aTE 2 B81 1996
_wALPHANUM
_c8739
_iT00109
_lCCODEBUL3
_mBUL
_r1
_sY
_tTESIS
_u2016-2-10
_xEDUCACION
_zUNKNOWN
_o.STAFF. Tesis
_d8739
980 _81
_gALBERTO SANCHEZ Responsable de Automatización